| 000 | 00505nam a2200205Ia 4500 | ||
|---|---|---|---|
| 005 | 20240823020241.0 | ||
| 008 | 240823s9999||||xx |||||||||||||| ||und|| | ||
| 020 | _a81-265-0553-2 | ||
| 041 | _aENGLISH | ||
| 082 | _A005.1 P4 | ||
| 100 | _aJack Greenfield | ||
| 245 | 0 | _aSoftware Factories | |
| 250 | _a1st | ||
| 260 |
_c2004 _b"Wiley Dreamtech,New " _aNew Delhi |
||
| 500 | _aTRANSFERED | ||
| 650 |
_aSoftware _bInformation Technology |
||
| 700 | _a Keith Short | ||
| 942 | _cBK | ||
| 999 |
_c174317 _d174317 |
||